Library of the University of Algiers 3
Ibrahim Sultan Cheibout
شعار جامعة الجزائر 3
مكتبة جامعة الجزائر 3
إبراهيم سلطان شيبوط

مشاكل مصر المعاصرة / (رقم التسجيلة. 45482)

تفاصيل مارك
000 -LEADER
fixed length control field 01084nam a2200241Ia 4500
003 - CONTROL NUMBER IDENTIFIER
control field Ost
005 - DATE AND TIME OF LATEST TRANSACTION
control field 20260507075646.0
008 - FIXED-LENGTH DATA ELEMENTS--GENERAL INFORMATION
fixed length control field 260507s9999||||xx |||||||||||||| ||und||
020 ## - INTERNATIONAL STANDARD BOOK NUMBER
International Standard Book Number 9314215977
040 ## - CATALOGING SOURCE
Transcribing agency fsecg
041 ## - LANGUAGE CODE
Language code of text/sound track or separate title ara
082 ## - DEWEY DECIMAL CLASSIFICATION NUMBER
Classification number 330.962
100 ## - MAIN ENTRY--PERSONAL NAME
Personal name الشربيني، عبد العزيز
Relator term مؤلف
245 #0 - TITLE STATEMENT
Title مشاكل مصر المعاصرة /
Statement of responsibility, etc. عبد العزيز الشربيني
260 ## - PUBLICATION, DISTRIBUTION, ETC.
Place of publication, distribution, etc. القاهرة:
Name of publisher, distributor, etc. دار غريب للنشر والتوزيع,
Date of publication, distribution, etc. 1998
300 ## - PHYSICAL DESCRIPTION
Extent 223 صفحة؛
Other physical details إيضاحات ؛
Dimensions 24 سم
520 ## - SUMMARY, ETC.
Summary, etc. كتابات في الإدارة- كتابات في التسويق والتصدير- كتابات في الميزة التنافسية والصورة الذهنية للأمم- كتابات في الإقتصاد- كتابات في العمالة والبطالة والمشكلة السكانية.
653 ## - INDEX TERM--UNCONTROLLED
Uncontrolled term المشاكل المعاصرة
653 ## - INDEX TERM--UNCONTROLLED
Uncontrolled term المشكلات الإقتصادية
653 ## - INDEX TERM--UNCONTROLLED
Uncontrolled term مشاكل مصر
700 ## - ADDED ENTRY--PERSONAL NAME
Personal name السلمي، علي
Relator term مؤلف ثانوي
942 ## - ADDED ENTRY ELEMENTS (KOHA)
Koha item type كتب
المقتنيات
Withdrawn status Lost status Source of classification or shelving scheme Damaged status Not for loan Home library Current library Date acquired Serial enumeration / chronology Inventory number Total checkouts Full call number Barcode Date last seen Price effective from Koha item type
    Dewey Decimal Classification   NOT LOAN / إعارة داخلية مكتبة كلية العلوم الإقتصادية والعلوم التجارية وعلوم التسيير مكتبة كلية العلوم الإقتصادية والعلوم التجارية وعلوم التسيير 07/05/2026 الطابق الأرضي 1/1602   أ/1602ن1 1/1602 07/05/2026 07/05/2026 كتب

موارد الويب المفتوحة


© University of Algiers 3 All Rights Reserved
|
Implemented by LECHELAH Riad